000 00993nam a22002297a 4500
003 OSt
005 20251014172025.0
008 240130b ||||| |||| 00| 0 eng d
040 _c0
082 _aDPer 621.317 Ie21 January 2022 v. 37 n. 1
100 _aIwanski, Grzegorz.
_eauthor.
_950977
245 _aControl of a three-phase power converter connected to unbalanced power grid in a non-cartesian oblique frame /
_cGrzegorz Iwanski, Sebastian Wodyk, and Tomasz Luszczyk.
260 _aNew York ;
_bThe Institute of Electrical and Electronics Engineers, Inc. ,
_cJanuary 2022.
300 _aVolume 37, pages 183-195 :
_billustration ;
_c28 cm.
500 _aIEEE Transactions on Power Electronics, v. 37 n. 1, pages 183-195, January 2022.
650 _aElectronics.
_957037
650 _aElectric controllers.
_911715
700 _aIwanski, Grzegorz.
_eauthor.
_950977
700 _aWodyk, Sebastian.
_eauthor.
_950978
700 _aLuszczyk, Tomasz.
_eauthor.
_950979
942 _2ddc
_cPER
999 _c18819
_d18819